Les Pays du Moyen-Orient et des Alentours - Statistiques

Statistiques générales
  • Ce quiz a été pris 91 fois
  • Le résultat moyen est 23 sur 27
Statistiques - réponses
Par images Réponse % Correct
Turquie
99%
Arabie Saoudite
94%
Egypte
94%
Oman
92%
Yémen
92%
Émirats Arabes Unis
91%
Chypre
90%
Irak
90%
Israël
90%
Qatar
90%
Syrie
90%
Jordanie
89%
Iran
87%
Liban
87%
Soudan
87%
Bahreïn
86%
Géorgie
85%
Koweit
84%
Pakistan
81%
Arménie
80%
Afghanistan
78%
Azerbaïdjan
78%
Érythrée
78%
Turkménistan
75%
Tadjikistan
73%
Ouzbékistan
70%
Kirghizistan
68%
Aucun quiz correspondant
Distribution des résultats
% des personnes avec chaque résultat
Percentile par nombre de réponses
Votre historique - résultats
Vous n’avez pas pris ce quiz